00945cam a2200313 a 45000010005000000030006000050050017000110080041000280100017000690200035000860200018001210400023001390500015001620820008001771000020001852450072002052600035002773000048003124400028003605000027003885050007004155200067004225210022004895210019005116500023005306500020005536500026005737000032005994593FISKH20240917143143.0040720s2005 nyua b 000 1 eng  a 2004016958 a1575651467 (pbk. : alk. paper) a9781575651460 aDLCcDLCdDLCbeng aPZ7.A3217  a7901 aAlberto, Daisy.10aNo rules for Rex! /cby Daisy Alberto ; illustrated by Jerry Smath. aNew York :bKane Press,c2005. a32 pages : bcolor illustrations ; c23 cm  0aSocial studies connects a"Civics/rules & laws." aN  aRex convinces his family to try a whole weekend without rules. a560 bLexile AD  aN bRaz-Plus  1aBehaviorvFiction. 1aRulesvFiction. 1aFamily lifevFiction.1 aSmath, Jerry,eillustrator